[Event "Mittelrhein Verbandsliga-S 17/18"]
[Site "Nordrheinwestfalen"]
[Date "2018.03.18"]
[Round "9.8"]
[White "Welches, Torsten"]
[Black "Krebs, Dietmar"]
[Result "1/2-1/2"]
[WhiteElo "1924"]
[BlackElo "1906"]
[PlyCount "57"]
[EventDate "2017.09.10"]
[EventType "team-tourn"]
[EventRounds "11"]
[EventCountry "GER"]
[SourceTitle "EXT 2022"]
[Source "ChessBase"]
[SourceDate "2021.10.06"]
[SourceVersion "1"]
[SourceVersionDate "2021.10.06"]
[SourceQuality "1"]
[WhiteTeam "Satranc Club"]
[BlackTeam "Koeln Lasker II"]
[WhiteTeamCountry "GER"]
[BlackTeamCountry "GER"]

1. Nf3 c5 2. c4 Nc6 3. g3 g6 4. Bg2 Bg7 5. 0-0 Nf6 6. Nc3 0-0 7. d4 cxd4 8. Nxd4 Nxd4 9. Qxd4 d6 10. Qd3 a6 11. Bd2 Qc7 12. Rac1 Bd7 13. b3 Rac8 14. Rfd1 Rfd8 15. e4 Qb8 16. a4 Bc6 17. Nd5 Nxd5 18. exd5 Bd7 19. Re1 Re8 20. Bf1 Bf5 21. Qe3 Qc7 22. Bd3 Bxd3 23. Qxd3 Qd7 24. Bc3 Bxc3 25. Rxc3 e6 26. dxe6 Rxe6 27. Rxe6 Qxe6 28. Qe3 Re8 29. Rd3 1/2-1/2

[Event "Mittelrhein Verbandsliga-M 16/17"]
[Site "Nordrheinwestfalen"]
[Date "2017.01.08"]
[Round "6.2"]
[White "Negele, Michael"]
[Black "Welches, Torsten"]
[Result "1/2-1/2"]
[WhiteElo "2137"]
[BlackElo "1947"]
[PlyCount "114"]
[EventDate "2016.09.11"]
[EventType "team-tourn"]
[EventRounds "11"]
[EventCountry "GER"]
[SourceTitle "EXT 2022"]
[Source "ChessBase"]
[SourceDate "2021.10.06"]
[SourceVersion "1"]
[SourceVersionDate "2021.10.06"]
[SourceQuality "1"]
[WhiteTeam "Leverkusen SC Bayer"]
[BlackTeam "Satranc Club"]
[WhiteTeamCountry "GER"]
[BlackTeamCountry "GER"]

1. e4 e6 2. d4 d5 3. Nc3 Nf6 4. Bg5 Be7 5. e5 Nfd7 6. Bxe7 Qxe7 7. Qh5 a6 8. f4 c5 9. Nf3 Nc6 10. 0-0-0 c4 11. g4 g6 12. Qh3 b5 13. f5 Nb6 14. f6 Qf8 15. Be2 Bd7 16. Qg2 Kd8 17. h4 h6 18. Ng1 Qb4 19. Bf3 Na4 20. Nxa4 bxa4 21. c3 Qb5 22. a3 Rb8 23. Qc2 Qb3 24. Qxb3 Rxb3 25. Rd2 Kc7 26. Bd1 Na5 27. Bxb3 Nxb3+ 28. Kd1 Nxd2 29. Kxd2 Rb8 30. Kc1 Bc6 31. Rh2 Kd7 32. Rc2 Rh8 33. Nf3 Rg8 34. Kd1 Bb5 35. Rf2 Bc6 36. Ke2 Ke8 37. Ke3 Bd7 38. Kf4 Kf8 39. Rh2 Bc6 40. Ne1 Ke8 41. Nc2 a5 42. Ne3 Kd7 43. Rf2 Rb8 44. Nf1 Rh8 45. Ng3 Ke8 46. Ke3 Bb7 47. Ne2 Bc6 48. Nf4 Bd7 49. h5 g5 50. Ng6 Rg8 51. Rf3 Kd8 52. Kf2 Ke8 53. Kg3 Kd8 54. Ne7 Rh8 55. Kf2 Rf8 56. Ke3 Rh8 57. Rh3 Rf8 1/2-1/2

[Event "Mittelrhein Verbandsliga-M 16/17"]
[Site "Nordrheinwestfalen"]
[Date "2016.12.18"]
[Round "5.1"]
[White "Bussard, Christian"]
[Black "Welches, Torsten"]
[Result "1-0"]
[WhiteElo "2202"]
[BlackElo "1947"]
[PlyCount "125"]
[EventDate "2016.09.11"]
[EventType "team-tourn"]
[EventRounds "11"]
[EventCountry "GER"]
[SourceTitle "EXT 2022"]
[Source "ChessBase"]
[SourceDate "2021.10.06"]
[SourceVersion "1"]
[SourceVersionDate "2021.10.06"]
[SourceQuality "1"]
[WhiteTeam "Niederkassel III"]
[BlackTeam "Satranc Club"]
[WhiteTeamCountry "GER"]
[BlackTeamCountry "GER"]

1. Nf3 Nf6 2. c4 c5 3. Nc3 d5 4. cxd5 Nxd5 5. g3 Nc6 6. Bg2 Nc7 7. 0-0 e5 8. d3 Be7 9. Be3 0-0 10. Rc1 Rb8 11. Nd2 Nd4 12. Nce4 b6 13. Bxd4 exd4 14. Nc4 f5 15. Ned2 Bb7 16. Bxb7 Rxb7 17. Qb3 Qd5 18. Nf3 Ne6 19. Rc2 b5 20. Na5 Qxb3 21. axb3 Rb6 22. Rfc1 Bd6 23. b4 c4 24. dxc4 Bxb4 25. c5 Nxc5 26. Rxc5 Bxa5 27. Nxd4 g6 28. R1c2 Rd6 29. Nxb5 Rd1+ 30. Kg2 Bb6 31. Rc8 Rd5 32. Na3 Rxc8 33. Rxc8+ Kg7 34. Nc4 Rb5 35. e3 Rd5 36. Kf3 Rb5 37. Ke2 Rd5 38. h3 Kh6 39. Rb8 Bc7 40. Rb7 Bb6 41. h4 Rb5 42. Kd3 Rd5+ 43. Kc2 Rb5 44. b3 Rc5 45. Kc3 Rc6 46. b4 Rc8 47. Kb3 Rd8 48. Kc2 Rc8 49. Kc3 Rc6 50. Kb3 Rc7 51. Rb8 Rc6 52. Re8 Rc7 53. Re6 Rd7 54. Kc2 Rc7 55. Kd3 Rd7+ 56. Ke2 Rb7 57. Nd6 Rc7 58. Nxf5+ Kh5 59. Ne7 Rc2+ 60. Kf3 Rb2 61. Ng8 Rxb4 62. Re5+ g5 63. Rxg5# 1-0

[Event "Mittelrhein Verbandsliga-M 16/17"]
[Site "Nordrheinwestfalen"]
[Date "2016.11.27"]
[Round "4.1"]
[White "Welches, Torsten"]
[Black "Lambertz, Michael"]
[Result "0-1"]
[WhiteElo "1947"]
[BlackElo "1980"]
[PlyCount "54"]
[EventDate "2016.09.11"]
[EventType "team-tourn"]
[EventRounds "11"]
[EventCountry "GER"]
[SourceTitle "EXT 2022"]
[Source "ChessBase"]
[SourceDate "2021.10.06"]
[SourceVersion "1"]
[SourceVersionDate "2021.10.06"]
[SourceQuality "1"]
[WhiteTeam "Satranc Club"]
[BlackTeam "Esch SF"]
[WhiteTeamCountry "GER"]
[BlackTeamCountry "GER"]

1. Nf3 Nf6 2. c4 c5 3. g3 d5 4. cxd5 Nxd5 5. Bg2 Nc6 6. Nc3 Nc7 7. 0-0 e5 8. a3 f6 9. Rb1 Be6 10. b4 cxb4 11. axb4 Bxb4 12. Qa4 a5 13. Bb2 Qd7 14. Rfc1 0-0 15. d3 Rfc8 16. Nd2 Nd5 17. Nxd5 Bxd5 18. Bxd5+ Qxd5 19. Nc4 b5 20. Nb6 bxa4 21. Nxd5 a3 22. Ba1 Rab8 23. Rxc6 Rxc6 24. Ne7+ Bxe7 25. Rxb8+ Kf7 26. Rb1 a2 27. Rd1 Rb6 0-1

[Event "Mittelrhein Verbandsliga-M 16/17"]
[Site "Nordrheinwestfalen"]
[Date "2016.10.23"]
[Round "3.2"]
[White "Welches, Torsten"]
[Black "Happ, Tobias"]
[Result "0-1"]
[WhiteElo "1947"]
[BlackElo "1982"]
[PlyCount "118"]
[EventDate "2016.09.11"]
[EventType "team-tourn"]
[EventRounds "11"]
[EventCountry "GER"]
[SourceTitle "EXT 2022"]
[Source "ChessBase"]
[SourceDate "2021.10.06"]
[SourceVersion "1"]
[SourceVersionDate "2021.10.06"]
[SourceQuality "1"]
[WhiteTeam "Satranc Club"]
[BlackTeam "Hitdorf SV Springer"]
[WhiteTeamCountry "GER"]
[BlackTeamCountry "GER"]

1. Nf3 Nf6 2. c4 e6 3. g3 b6 4. Bg2 Bb7 5. 0-0 c5 6. Nc3 Be7 7. Re1 0-0 8. e4 d6 9. d4 cxd4 10. Nxd4 Qd7 11. b3 Nc6 12. Bb2 Rfd8 13. Nc2 Rac8 14. Qe2 a6 15. Rad1 Qc7 16. Rd2 Ne8 17. f4 Bf6 18. g4 b5 19. cxb5 axb5 20. g5 Bxc3 21. Bxc3 b4 22. Ba1 d5 23. exd5 Qxf4 24. Red1 exd5 25. g6 hxg6 26. Nd4 Nxd4 27. Rxd4 Qg5 28. Rxb4 Ba8 29. Bd4 Nd6 30. Bb6 Re8 31. Qg4 Qxg4 32. Rxg4 Ne4 33. a4 Rc2 34. Bd4 Rb8 35. Rb1 Nd2 36. Re1 Nxb3 37. Ba7 Rbc8 38. Rf4 Rc1 39. Rff1 R1c4 40. a5 Nxa5 41. Rd1 Rg4 42. h3 Rg5 43. Be3 Rh5 44. Kh2 Nc4 45. Bd4 Nd6 46. Rc1 Bb7 47. Rb1 Ba6 48. Rfd1 Be2 49. Rd2 Bc4 50. Bf3 Ne4 51. Rg2 Rh4 52. Bg4 f5 53. Bxf5 gxf5 54. Rxg7+ Kf8 55. Rbb7 Nd6 56. Rbd7 Rxd4 57. Rh7 Rd2+ 58. Kg1 d4 59. Rxd6 Bg8 0-1